Continuous dewatering/drying process of natural rubber via twin-screw extrusion technique (Record no. 56247)

MARC details
000 -LEADER
fixed length control field 00631nam a2200205Ia 4500
100 ## - MAIN ENTRY--AUTHOR NAME
Personal name Wannavilai Puripong
245 #0 - TITLE STATEMENT
Title Continuous dewatering/drying process of natural rubber via twin-screw extrusion technique
260 ## - PUBLICATION, DISTRIBUTION, ETC. (IMPRINT)
Name of publisher IRRDB International Rubber Conference 14-17 December 2011, Chiang
650 ## - SUBJECT ADDED ENTRY--TOPICAL TERM
Topical Term Barrel
650 ## - SUBJECT ADDED ENTRY--TOPICAL TERM
Topical Term Dry rubber
650 ## - SUBJECT ADDED ENTRY--TOPICAL TERM
Topical Term Screw
650 ## - SUBJECT ADDED ENTRY--TOPICAL TERM
Topical Term Standard Thai Rubber
650 ## - SUBJECT ADDED ENTRY--TOPICAL TERM
Topical Term Twin-screw extruder
700 ## - ADDED ENTRY--PERSONAL NAME
Personal name Chinsirikul Wannee
700 ## - ADDED ENTRY--PERSONAL NAME
Personal name Hararak Bongkot
700 ## - ADDED ENTRY--PERSONAL NAME
Personal name Kerddonfag Noppadon
700 ## - ADDED ENTRY--PERSONAL NAME
Personal name Kumsung Pramote
942 ## - ADDED ENTRY ELEMENTS (KOHA)
Koha item type Journals
Holdings
Withdrawn status Lost status Damaged status Not for loan Home library Current library Shelving location Date acquired Koha item type
      Journals RRII Library RRII Library Rubber technology 27/09/2013 Journals